100 Questions (and answers) about tests and measurement

Պահպանված է:
Մատենագիտական մանրամասներ
Հիմնական հեղինակ: FREY, Bruce B.
Ձևաչափ: Գիրք
Լեզու:անգլերեն
Հրապարակվել է: Sage Publications 2015.
Ցուցիչներ: Ավելացրեք ցուցիչ
Չկան պիտակներ, Եղեք առաջինը, ով նշում է այս գրառումը!

MARC

LEADER 00000nam a2200000 4500
008 210422b ||||| |||| 00| 0 eng d
020 |a ISBN: 978-1-4522-8339-5 
100 |a FREY, Bruce B. 
245 |a 100 Questions (and answers) about tests and measurement  |c Bruce B. Frey.-   |e (Q and A SAGE 100 questions and answers series) “It includes index”. 
260 |b Sage Publications  |c 2015.  |h Los Angeles  |i 692483  |i ., 692484  |l LB1025.3 .K84 
500 |a “It includes index”. 
942 |a lcc  |c BK  |e j o ifatola  |f 22/ 04/ 2021 
952 |0 0  |1 0  |2 lcc  |4 0  |6 LB10253 K84  |7 0  |9 2275  |a HOL  |b HOL  |c LP  |d 2021-04-22  |l 0  |o LB1025.3 .K84  |p 2021-6129  |r 2021-04-22 00:00:00  |w 2021-04-22  |y BK 
952 |0 0  |1 0  |2 lcc  |4 0  |6 LB10253 K84  |7 0  |9 2276  |a HOL  |b SSL  |c LP  |d 2021-04-22  |l 0  |o LB1025.3 .K84  |p 2021-6130  |r 2021-04-22 00:00:00  |w 2021-04-22  |y BK 
999 |c 1171  |d 1171